Statistics for Famous Celebrity Couples Quiz

Click here to take the quiz!

General Stats

  • This quiz has been taken 91 times
  • The average score is 11 of 15

Answer Stats

QuestionAnswer% Correct
Justin Bieber and _____ _______Hailey Baldwin
92%
Jay Z and _____ _____Beyonce Knowles
90%
Will Smith and ____ ________Jada Pinkett
90%
_____ ____ and Jennifer LopezBen Affleck
89%
Kourtney Kardashian and ___ ____Travis Barker
85%
___ ____ and Ryan ReynoldsBlake Lively
83%
Chrissy Teigen and ___ ____John Legend
81%
Ellen DeGeneres and ____ _____Portia de Rossie
81%
____ ____ and Catherine Zeta-JonesMichael Douglas
76%
Tom Hanks and ___ ___Rita Wilson
75%
___ ___ and Faith HillTim McGraw
67%
Goldie Hawn and ____ _____Kurt Russell
65%
____ ____ and Steffi GrafAndre Agassi
58%
Judd Apatow and ___ ___Leslie Mann
44%
David Burtka and ____ ____ _____Neil Harris
42%

Score Distribution

Percentile by Number Answered

Percent of People with Each Score

Your Score History

You have not taken this quiz